[Event "Morbihan Ch "]
[Site "France"]
[Date "2013.03.16"]
[Round "6.21"]
[White "Barton, June"]
[Black "Josse, Emmanuelle"]
[Result "0-1"]
[WhiteElo "1499"]
[BlackElo "1486"]
[PlyCount "116"]
[EventDate "2012.10.??"]
[EventType "swiss"]
[EventRounds "7"]
[EventCountry "FRA"]
[SourceDate "2005.09.12"]

1. e4 g6 2. d4 Bg7 3. Nc3 Nc6 4. Be3 d6 5. a3 Nf6 6. Qd2 Ng4 7. Bg5 Bxd4 8. Nh3
f6 9. Bh4 Nce5 10. Qxd4 c5 11. Qd2 Nf7 12. Be2 g5 13. Bg3 h5 14. f3 Ngh6 15.
Nd5 a6 16. b4 e6 17. Ne3 e5 18. O-O Be6 19. Nf2 h4 20. Bxe5 Nxe5 21. h3 O-O 22.
Nfg4 Nexg4 23. fxg4 Qe7 24. Rad1 Rad8 25. Bc4 Kh8 26. Qd3 Nf7 27. b5 axb5 28.
Bxb5 Ne5 29. Nf5 Bxf5 30. Qd5 Be6 31. Qd2 Bc4 32. Bxc4 Nxc4 33. Qc3 Ne5 34. Rf2
Rf7 35. Qb3 c4 36. Qb6 Rd7 37. Qa7 b5 38. Qa8+ Qd8 39. Qd5 Qb6 40. Qe6 Kg7 41.
Rdf1 Rde7 42. Qf5 Ng6 43. Kh2 Re5 44. Qc8 Rxe4 45. g3 hxg3+ 46. Kxg3 Re3+ 47.
Kg2 Qd4 48. Qf5 Nh4+ 49. Kh2 Nxf5 50. gxf5 Qh4 51. Rg2 Rxa3 52. c3 Rxc3 53.
Rfg1 b4 54. Rf1 b3 55. Rfg1 Rc2 56. Ra1 Rxg2+ 57. Kxg2 Qe4+ 58. Kf2 Qd4+ 0-1

[Event "Morbihan Ch "]
[Site "France"]
[Date "2013.03.16"]
[Round "6.23"]
[White "Richeux, Guillaume"]
[Black "Le Pointer, Mélodine"]
[Result "1-0"]
[WhiteElo "1399"]
[BlackElo "1199"]
[PlyCount "73"]
[EventDate "2012.10.??"]
[EventType "swiss"]
[EventRounds "7"]
[EventCountry "FRA"]
[SourceDate "2005.09.12"]

1. e4 e5 2. Nf3 Nc6 3. d3 Bc5 4. a3 a5 5. Nc3 Nf6 6. g3 Ng4 7. d4 exd4 8. Na4
d6 9. Bc4 Be6 10. Bd3 Nge5 11. Bb5 Bg4 12. Nxe5 Bxd1 13. Nxc6 bxc6 14. Bxc6+
Ke7 15. Bxa8 Qxa8 16. Kxd1 Qxe4 17. Re1 Qe6 18. Rxe6+ fxe6 19. Bd2 Ra8 20. Nxc5
dxc5 21. Ke2 Rb8 22. Bxa5 Rxb2 23. Kd2 Kd7 24. Kc1 Rb5 25. Bd2 c4 26. a4 Re5
27. a5 Re2 28. a6 c3 29. Kd1 Rxf2 30. Be1 Rxh2 31. a7 Rh5 32. a8=Q Rd5 33. Ra6
d3 34. Qc6+ Ke7 35. Qxe6+ Kd8 36. Qxd5+ Kc8 37. Ra8# 1-0

[Event "Morbihan Ch "]
[Site "France"]
[Date "2013.04.13"]
[Round "7.1"]
[White "Jolivel, Dominique"]
[Black "Caderon, Michel"]
[Result "0-1"]
[WhiteElo "1884"]
[BlackElo "2013"]
[PlyCount "84"]
[EventDate "2012.10.??"]
[EventType "swiss"]
[EventRounds "7"]
[EventCountry "FRA"]
[SourceDate "2005.09.12"]

1. e4 c5 2. Nc3 Nc6 3. f4 g6 4. d3 d6 5. g3 Bg7 6. Bg2 e6 7. Nf3 Nge7 8. Bd2
Rb8 9. Rb1 b5 10. a3 a5 11. O-O O-O 12. h3 Ba6 13. Kh1 b4 14. axb4 axb4 15. Ne2
d5 16. exd5 Nxd5 17. Re1 Qd6 18. Ng5 Nce7 19. Ng1 Rfd8 20. Ne4 Qb6 21. Nf3 h6
22. Qe2 Rbc8 23. b3 Bb7 24. Ne5 Nf5 25. Nf3 Nc3 26. Qf2 Nxb1 27. Rxb1 Nd4 28.
Be3 f5 29. Nxc5 Qxc5 30. Nxd4 Bxg2+ 31. Kxg2 Bxd4 32. Bxd4 Qxd4 33. Qe2 Rc6 34.
h4 Rdc8 35. Kh3 e5 36. Qf3 e4 37. dxe4 fxe4 38. Qg4 Qf6 39. Qd1 Qf5+ 40. Kg2
Rxc2+ 41. Kg1 Qc5+ 42. Kh1 Rc1 0-1

[Event "Morbihan Ch "]
[Site "France"]
[Date "2013.04.13"]
[Round "7.2"]
[White "Pascot, Jean"]
[Black "Annetti, Laurent"]
[Result "0-1"]
[WhiteElo "1868"]
[BlackElo "1869"]
[PlyCount "40"]
[EventDate "2012.10.??"]
[EventType "swiss"]
[EventRounds "7"]
[EventCountry "FRA"]
[SourceDate "2005.09.12"]

1. e4 e5 2. Nc3 Nc6 3. Bc4 Nf6 4. Nf3 Nxe4 5. Nxe4 d5 6. Bb5 dxe4 7. Nxe5 Qg5
8. d4 Qxg2 9. Rf1 a6 10. Bc4 Nxe5 11. dxe5 Bg4 12. Qd5 Qf3 13. Bg5 c6 14. Qa5
b5 15. Qb6 Bb4+ 16. c3 Bxc3+ 17. Bd2 Bxd2+ 18. Kxd2 Rd8+ 19. Kc2 O-O 20. Qe3
bxc4 0-1

[Event "Morbihan Ch "]
[Site "France"]
[Date "2013.04.13"]
[Round "7.3"]
[White "Landais, Romain"]
[Black "Salaün, Michel"]
[Result "0-1"]
[WhiteElo "1904"]
[BlackElo "1997"]
[PlyCount "66"]
[EventDate "2012.10.??"]
[EventType "swiss"]
[EventRounds "7"]
[EventCountry "FRA"]
[SourceDate "2005.09.12"]

1. e4 e6 2. d4 d5 3. Bd3 c5 4. c3 Nc6 5. Nf3 dxe4 6. Bxe4 Nf6 7. Bc2 cxd4 8.
cxd4 Bd7 9. O-O Rc8 10. a3 Bd6 11. Nc3 Qa5 12. Bg5 Be7 13. Qd3 h6 14. Bh4 g5
15. Bg3 Qf5 16. Qd2 Qa5 17. b4 Qd8 18. Rad1 Nxb4 19. Bb1 Nbd5 20. Ne4 Bxa3 21.
Nxf6+ Nxf6 22. Rfe1 Nd5 23. Qd3 Rc3 24. Qe4 Be7 25. Be5 f5 26. Qe2 O-O 27. Nxg5
Bxg5 28. g4 Nf4 29. Bxf4 Bxf4 30. gxf5 Qh4 31. f3 exf5 32. Ba2+ Kh8 33. Kh1 Re3
0-1

[Event "Morbihan Ch "]
[Site "France"]
[Date "2013.04.13"]
[Round "7.4"]
[White "Duplessy, Franck"]
[Black "Nicolas, Stephane"]
[Result "1-0"]
[WhiteElo "2080"]
[BlackElo "1800"]
[PlyCount "119"]
[EventDate "2012.10.??"]
[EventType "swiss"]
[EventRounds "7"]
[EventCountry "FRA"]
[SourceDate "2005.09.12"]

1. e4 g6 2. d4 d6 3. Bc4 Bg7 4. Be3 c6 5. a4 a6 6. Nc3 b5 7. axb5 cxb5 8. Bd5
Ra7 9. Nxb5 Rd7 10. Nc3 Qb6 11. Bb3 Rd8 12. Nge2 Nf6 13. d5 Qb7 14. O-O O-O 15.
Nd4 Ng4 16. Bg5 h6 17. Bh4 Rfe8 18. h3 Ne5 19. f4 Ned7 20. Ra3 Nc5 21. Re1 Nbd7
22. Nc6 Nf6 23. Nxd8 Rxd8 24. Bf2 Nh5 25. Qf3 Qb4 26. g4 Nxf4 27. Na2 Qd2 28.
Nc3 Bd4 29. Bxd4 Qxe1+ 30. Kh2 Qd2+ 31. Qf2 Qc1 32. Na2 Nxe4 33. Nxc1 Nxf2 34.
Bxf2 h5 35. Be3 g5 36. Bxf4 gxf4 37. gxh5 e5 38. Bc4 Bb7 39. Kg2 Rc8 40. Bb3 e4
41. c4 Kg7 42. Kf2 Kh6 43. Ne2 Kg5 44. Ra1 Rb8 45. Rg1+ Kf5 46. h4 Ba8 47. Rg5+
Kf6 48. Nd4 f3 49. Ke3 Re8 50. Ba4 Rc8 51. b3 Rc7 52. Kxe4 f2 53. Rf5+ Kg7 54.
Rxf2 Re7+ 55. Kf4 Re5 56. Nf5+ Kf6 57. Nxd6 Rxh5 58. Kg4+ Kg6 59. b4 Re5 60.
Bc2+ 1-0

[Event "Morbihan Ch "]
[Site "France"]
[Date "2013.04.13"]
[Round "7.5"]
[White "Lagès, Michel"]
[Black "Peyre, Jean Jacques"]
[Result "0-1"]
[WhiteElo "1917"]
[BlackElo "1672"]
[PlyCount "113"]
[EventDate "2012.10.??"]
[EventType "swiss"]
[EventRounds "7"]
[EventCountry "FRA"]
[SourceDate "2005.09.12"]

1. c4 e5 2. Nc3 g6 3. Nf3 Bg7 4. d4 exd4 5. Nxd4 Nf6 6. e4 d6 7. Be2 O-O 8. O-O
Nbd7 9. Be3 Re8 10. Qc2 Nc5 11. f3 Ne6 12. Rfd1 Nd7 13. Nxe6 Rxe6 14. c5 Ne5
15. f4 Nc6 16. Bc4 Re8 17. cxd6 cxd6 18. e5 Bf8 19. Nb5 Nb4 20. Qb3 d5 21. Bxd5
Nxd5 22. Qxd5 Be6 23. Qxb7 Qa5 24. Bd2 Qa4 25. b3 Rab8 26. Qxb8 Qe4 27. Nc3
Qd4+ 28. Kh1 Rxb8 29. Ne2 Qf2 30. Nc3 Rd8 31. Ne4 Qe2 32. Re1 Qa6 33. Re3 Kg7
34. h4 Bf5 35. Bc3 Bxe4 36. Rxe4 Qd3 37. Rc4 Kg8 38. Ba5 Re8 39. Rac1 Qg3 40.
R1c3 Qxh4+ 41. Rh3 Qg4 42. Rf3 Qf5 43. Rc6 Qb1+ 44. Kh2 Qxa2 45. b4 Qd5 46.
Rfc3 Kg7 47. Rc7 Rb8 48. R3c4 Qd2 49. e6 Kf6 50. exf7 Qd1 51. b5 Qh5+ 52. Kg1
Qxb5 53. Bc3+ Ke6 54. Re4+ Kf5 55. Re5+ Qxe5 56. fxe5 Ke6 57. Rxa7 0-1

[Event "Morbihan Ch "]
[Site "France"]
[Date "2013.04.13"]
[Round "7.7"]
[White "Rivalin, Patrick"]
[Black "Hocher, Eugène"]
[Result "0-1"]
[WhiteElo "1630"]
[BlackElo "1754"]
[PlyCount "68"]
[EventDate "2012.10.??"]
[EventType "swiss"]
[EventRounds "7"]
[EventCountry "FRA"]
[SourceDate "2005.09.12"]

1. c4 c5 2. Nc3 h6 3. g3 Nc6 4. Bg2 Nf6 5. e3 d6 6. Nge2 g6 7. d4 cxd4 8. exd4
Bg7 9. O-O O-O 10. Re1 Rb8 11. Bd2 Bg4 12. f3 Bf5 13. d5 Nb4 14. Ne4 Qb6+ 15.
Kh1 Nd3 16. Rf1 Bxe4 17. fxe4 Nf2+ 18. Rxf2 Qxf2 19. Bc3 Qb6 20. Bd4 Qa6 21. b3
Rbc8 22. Qd2 b6 23. Nc3 Qb7 24. Bh3 Rcd8 25. g4 a6 26. g5 hxg5 27. Bxf6 Bxf6
28. Rg1 Kg7 29. e5 dxe5 30. Ne4 Rh8 31. Qe3 Rh5 32. Ng3 Rxh3 33. Nf5+ gxf5 34.
Qxh3 Qd7 0-1

[Event "Morbihan Ch "]
[Site "France"]
[Date "2013.04.13"]
[Round "7.8"]
[White "Georget, Patrice"]
[Black "Thebaut, Herve"]
[Result "1-0"]
[WhiteElo "1716"]
[BlackElo "1454"]
[PlyCount "105"]
[EventDate "2012.10.??"]
[EventType "swiss"]
[EventRounds "7"]
[EventCountry "FRA"]
[SourceDate "2005.09.12"]

1. d4 d5 2. c4 Nf6 3. Nf3 Bf5 4. Nc3 e6 5. e3 c5 6. cxd5 exd5 7. Bb5+ Nbd7 8.
dxc5 a6 9. Bxd7+ Qxd7 10. b4 a5 11. Ba3 axb4 12. Bxb4 b6 13. a4 bxc5 14. Ba3
Be7 15. O-O O-O 16. Re1 Rfe8 17. e4 dxe4 18. Qxd7 Nxd7 19. Nxe4 Rxa4 20. Nd6
Bxd6 21. Rxe8+ Nf8 22. Bb2 Rb4 23. Be5 Bxe5 24. Rxe5 g6 25. Rxc5 Ne6 26. Re5
Kg7 27. h3 Rb3 28. Re3 Rb4 29. Ra7 Kf6 30. Ne5 Nd8 31. g4 Be6 32. Ra8 Rb1+ 33.
Kh2 Ke7 34. Ra7+ Kf6 35. Ra6 Nb7 36. Nxf7 Kxf7 37. Raxe6 Nc5 38. Re7+ Kg8 39.
Rc7 Rb8 40. Rxc5 Rb7 41. Kg3 Rf7 42. Rf3 Re7 43. Kh4 Kg7 44. g5 Re4+ 45. Kg3
Re7 46. Rc8 Ra7 47. Rfc3 h5 48. R3c7+ Rxc7 49. Rxc7+ Kf8 50. Kf4 Ke8 51. Ke5
Kd8 52. Kd6 Ke8 53. Ra7 1-0

[Event "Morbihan Ch "]
[Site "France"]
[Date "2013.04.13"]
[Round "7.9"]
[White "Loizil, Joel"]
[Black "Trelohan, Henri"]
[Result "1-0"]
[WhiteElo "1709"]
[BlackElo "1669"]
[PlyCount "89"]
[EventDate "2012.10.??"]
[EventType "swiss"]
[EventRounds "7"]
[EventCountry "FRA"]
[SourceDate "2005.09.12"]

1. e4 c6 2. d4 d5 3. Nc3 dxe4 4. Nxe4 Bf5 5. Nc5 Qc7 6. Nf3 Nf6 7. g3 e6 8. Bf4
Qb6 9. Nb3 Be7 10. Bg2 Nd5 11. Bd2 Bg4 12. O-O Qc7 13. a3 Nd7 14. c4 N5f6 15.
Re1 O-O 16. Bc3 Rad8 17. Qe2 Rfe8 18. Qe3 c5 19. Nbd2 cxd4 20. Nxd4 Bc5 21. b4
Bf8 22. Nb5 Qb8 23. Qxa7 Qxa7 24. Nxa7 Nb8 25. Ne4 Nxe4 26. Bxe4 Rd7 27. f3 Bh5
28. g4 Bg6 29. c5 Bxe4 30. fxe4 Rd3 31. Be5 f6 32. Bf4 e5 33. Bg3 Red8 34. Kf2
Rd2+ 35. Re2 R2d3 36. Nb5 Nc6 37. Nc7 Nd4 38. Rb2 Rd7 39. Nd5 Rd8 40. g5 Ra8
41. gxf6 gxf6 42. Nxf6+ Kf7 43. Nd5 Bg7 44. a4 Ke6 45. Nc7+ 1-0

[Event "Morbihan Ch "]
[Site "France"]
[Date "2013.04.13"]
[Round "7.10"]
[White "Marechal, Daniel"]
[Black "Le Coz, Yannick"]
[Result "1/2-1/2"]
[WhiteElo "1650"]
[BlackElo "1562"]
[PlyCount "198"]
[EventDate "2012.10.??"]
[EventType "swiss"]
[EventRounds "7"]
[EventCountry "FRA"]
[SourceDate "2005.09.12"]

1. d4 Nf6 2. Nf3 d5 3. e3 c6 4. Bd3 Bg4 5. Nbd2 Nbd7 6. Be2 e6 7. h3 Bh5 8. Nh4
Bxe2 9. Qxe2 Ne4 10. Nhf3 Bb4 11. c3 Ba5 12. Nxe4 dxe4 13. Nd2 f5 14. Nb3 e5
15. Bd2 Bb6 16. Qc4 Qe7 17. O-O-O O-O-O 18. Be1 exd4 19. Nxd4 Ne5 20. Qe6+ Qxe6
21. Nxe6 Rxd1+ 22. Kxd1 Rg8 23. b3 Kd7 24. Nd4 g6 25. Kc2 Nd3 26. Ne2 Bc7 27.
Nc1 Ne5 28. c4 b5 29. cxb5 cxb5 30. Bb4 a5 31. Bc5 Kc6 32. Bd4 b4 33. Bxe5 Bxe5
34. Rd1 Rc8 35. Kd2 Bc3+ 36. Ke2 Rc7 37. Kf1 Rd7 38. Rxd7 Kxd7 39. Ne2 Bd2 40.
Nd4 Kd6 41. Ke2 Bc1 42. g3 Bb2 43. f3 exf3+ 44. Kxf3 Kd5 45. Ne2 Ke5 46. Nf4
Bc3 47. Nd3+ Kf6 48. Nc5 Be5 49. Nd7+ Ke6 50. Nf8+ Kf7 51. Nxh7 Kg7 52. Ng5 Kf6
53. h4 Kg7 54. e4 fxe4+ 55. Nxe4 Bb2 56. g4 Be5 57. Nc5 Kh6 58. Ne6 Bb8 59. Nf4
g5 60. hxg5+ Kxg5 61. Ne6+ Kf6 62. Nc5 Bc7 63. Ne4+ Ke6 64. Ke3 Ke5 65. Kf3 Kd4
66. g5 Be5 67. g6 Kd3 68. Nc5+ Kc2 69. Nb7 Kb2 70. Nxa5 Kxa2 71. Nc6 Bg7 72.
Nxb4+ Kxb3 73. Nd5 Kc4 74. Ke4 Kc5 75. Ne7 Bb2 76. Kf5 Kd6 77. Ng8 Bg7 78. Nf6
Ke7 79. Nd5+ Kd6 80. Nf4 Ke7 81. Kg5 Bf6+ 82. Kh6 Bb2 83. Kh7 Ke8 84. Kg8 Ba1
85. Ne6 Ke7 86. Ng7 Kf6 87. Kh7 Ke7 88. Kh6 Kf8 89. Ne6+ Kg8 90. Kg5 Bb2 91.
Kh6 Bc1+ 92. Ng5 Bd2 93. Kh5 Bxg5 94. Kxg5 Kg7 95. Kf5 Kg8 96. Kf6 Kf8 97. Kf5
Kg8 98. Kg4 Kg7 99. Kh5 Kg8 1/2-1/2

[Event "Morbihan Ch "]
[Site "France"]
[Date "2013.04.13"]
[Round "7.11"]
[White "Pouliquen, Alain"]
[Black "Malry, Celia"]
[Result "1-0"]
[WhiteElo "1724"]
[BlackElo "1610"]
[PlyCount "97"]
[EventDate "2012.10.??"]
[EventType "swiss"]
[EventRounds "7"]
[EventCountry "FRA"]
[SourceDate "2005.09.12"]

1. d4 d5 2. c4 c6 3. cxd5 cxd5 4. Nc3 Nf6 5. Nf3 h6 6. Bf4 Nbd7 7. e3 e6 8. Be2
a6 9. O-O b5 10. Rc1 Qb6 11. Qb3 Bd6 12. Na4 Qb8 13. Bxd6 Qxd6 14. Nc5 O-O 15.
Qa3 Ne4 16. b4 Qb6 17. Rc2 Nd6 18. Rfc1 Nc4 19. Qd3 a5 20. a3 axb4 21. axb4 Ra3
22. Rc3 Rxc3 23. Qxc3 Qc7 24. Ra1 Nf6 25. Ra2 Ne4 26. Qa1 Bb7 27. Ra7 Nxc5 28.
dxc5 Qc6 29. Nd4 Qc8 30. Nxb5 Rd8 31. Nd4 e5 32. Nb3 Qc6 33. Na5 Nxa5 34. Qxa5
Ra8 35. Rxa8+ Bxa8 36. b5 Qc8 37. b6 Bb7 38. Qb4 Qe6 39. Bb5 Qe7 40. Qc3 d4 41.
exd4 exd4 42. Qc1 Qd8 43. Qd2 Qd5 44. f3 Qxc5 45. Bd3 Qxb6 46. Qe1 Bc6 47. Qe5
Qb4 48. h3 Qc3 49. Qb8+ 1-0

[Event "Morbihan Ch "]
[Site "France"]
[Date "2013.04.13"]
[Round "7.12"]
[White "Anciant, Yoran"]
[Black "Le Garrec, Maxime"]
[Result "0-1"]
[WhiteElo "1350"]
[BlackElo "1647"]
[PlyCount "50"]
[EventDate "2012.10.??"]
[EventType "swiss"]
[EventRounds "7"]
[EventCountry "FRA"]
[SourceDate "2005.09.12"]

1. c4 c5 2. Nc3 Nf6 3. e3 Nc6 4. a3 e5 5. g3 d6 6. Bg2 Be6 7. d3 Be7 8. Nge2
Qd7 9. O-O Bh3 10. Qc2 Bxg2 11. Kxg2 h5 12. Bd2 h4 13. Rh1 h3+ 14. Kf1 Qf5 15.
Ng1 O-O-O 16. Ke2 d5 17. Qa4 e4 18. dxe4 Nxe4 19. Nxe4 Qxe4 20. Nf3 d4 21. Qd1
d3+ 22. Ke1 Nd4 23. Bc3 Nxf3+ 24. Kf1 Nd2+ 25. Kg1 Qg2# 0-1

[Event "Morbihan Ch "]
[Site "France"]
[Date "2013.04.13"]
[Round "7.13"]
[White "Le Gal, Loïc"]
[Black "Potier, Pierre"]
[Result "0-1"]
[WhiteElo "1529"]
[BlackElo "1621"]
[PlyCount "125"]
[EventDate "2012.10.??"]
[EventType "swiss"]
[EventRounds "7"]
[EventCountry "FRA"]
[SourceDate "2005.09.12"]

1. c4 e5 2. Nc3 Nf6 3. e3 d5 4. d4 exd4 5. exd4 Bb4 6. Qb3 Nc6 7. Nf3 O-O 8.
Bd3 Be6 9. O-O Bxc3 10. Qxc3 Qd7 11. Ne5 Nxe5 12. dxe5 Nh5 13. f4 dxc4 14. Bxc4
Bxc4 15. Qxc4 b5 16. Qe2 g6 17. f5 Rfe8 18. Qe3 Qd5 19. Re1 Ng7 20. g4 gxf5 21.
gxf5 Nxf5 22. Qg5+ Ng7 23. Qg3 Kh8 24. Qc3 Rg8 25. Bg5 Ne6 26. h4 b4 27. Qe3
Nxg5 28. hxg5 Rxg5+ 29. Qxg5 Rg8 30. Qxg8+ Kxg8 31. Kf2 Qd4+ 32. Kf3 Qxb2 33.
Kf4 c5 34. Rg1+ Kf8 35. Rgb1 Qd4+ 36. Kf5 a5 37. Rd1 Qf2+ 38. Ke4 c4 39. e6
Qh4+ 40. Kd5 fxe6+ 41. Kxe6 Qe4+ 42. Kf6 Qh4+ 43. Ke6 Qe7+ 44. Kd5 c3 45. Rf1+
Kg8 46. Rg1+ Kh8 47. Rae1 Qf7+ 48. Kc5 h5 49. Kb5 Qxa2 50. Ra1 Qd5+ 51. Ka4 b3
52. Rad1 Qc4+ 53. Kxa5 Qc7+ 54. Kb4 b2 55. Kb3 c2 56. Kxb2 cxd1=Q 57. Rxd1 h4
58. Rd3 Qh2+ 59. Kc1 h3 60. Kd1 Qg1+ 61. Ke2 h2 62. Rh3+ Kg7 63. Rxh2 0-1

[Event "Morbihan Ch "]
[Site "France"]
[Date "2013.04.13"]
[Round "7.14"]
[White "Le Pointer, Guilhem"]
[Black "Maheo, Francois"]
[Result "0-1"]
[WhiteElo "1410"]
[BlackElo "1499"]
[PlyCount "148"]
[EventDate "2012.10.??"]
[EventType "swiss"]
[EventRounds "7"]
[EventCountry "FRA"]
[SourceDate "2005.09.12"]

1. c4 e5 2. Nc3 Bc5 3. e3 c6 4. d4 exd4 5. exd4 Bb4 6. Qc2 d6 7. g3 Ne7 8. Bg2
Bxc3+ 9. Qxc3 Bf5 10. Nf3 h6 11. O-O O-O 12. b3 Nd7 13. Bb2 d5 14. c5 Nf6 15.
Nd2 Qd7 16. Rfe1 Ng6 17. a4 Rfe8 18. b4 a6 19. f3 h5 20. Nb3 Bh3 21. Rxe8+ Rxe8
22. Re1 Rxe1+ 23. Qxe1 Qf5 24. Qd1 Qe6 25. Bc1 h4 26. Qf1 Bxg2 27. Kxg2 Nh5 28.
Qf2 h3+ 29. Kg1 Nf6 30. Qe3 Qf5 31. Qe2 Qb1 32. Qb2 Qd3 33. Kf2 Qd1 34. g4 Qh1
35. Kg3 Nh4 36. Qf2 Qg2+ 37. Qxg2 hxg2 38. Be3 g5 39. Na5 Nd7 40. Nxb7 f5 41.
Bg1 f4+ 42. Kf2 Nb8 43. Nd6 Kg7 44. b5 axb5 45. axb5 cxb5 46. Nxb5 Nc6 47. Ke2
Kf7 48. Kf2 Ke7 49. Nd6 Nxd4 50. Nf5+ Ndxf5 51. gxf5 Nxf5 52. Kxg2 Kd7 53. Kf2
Kc6 54. Kg2 d4 55. Kf1 Kxc5 56. Ke1 Kc4 57. Kd2 d3 58. Bb6 Nh4 59. h3 Nxf3+ 60.
Kd1 d2 61. Ba5 Kd3 62. Bb4 Nh4 63. Bxd2 f3 64. Be1 Ng2 65. Bg3 Ke3 66. h4 gxh4
67. Bxh4 Nxh4 68. Ke1 Ng2+ 69. Kf1 f2 70. Kxg2 Ke2 71. Kg3 f1=Q 72. Kg4 Ke3 73.
Kg5 Ke4 74. Kg6 Ke5 0-1

[Event "Morbihan Ch "]
[Site "France"]
[Date "2013.04.13"]
[Round "7.15"]
[White "Raoul, Joël"]
[Black "Biderbost, Marc"]
[Result "1-0"]
[WhiteElo "1260"]
[BlackElo "1455"]
[PlyCount "119"]
[EventDate "2012.10.??"]
[EventType "swiss"]
[EventRounds "7"]
[EventCountry "FRA"]
[SourceDate "2005.09.12"]

1. d4 b6 2. e4 Bb7 3. e5 e6 4. Nf3 d6 5. Nc3 Nd7 6. Bf4 d5 7. Bg3 f5 8. a3 a6
9. Bd3 h6 10. Nh4 Ne7 11. Qh5+ g6 12. Nxg6 Rg8 13. Nxe7+ Kxe7 14. Bh4+ Rg5 15.
Bxg5+ hxg5 16. Qxg5+ Ke8 17. Qg6+ Ke7 18. Be2 Qe8 19. Qg5+ Nf6 20. Qxf6+ Kd7
21. O-O-O Be7 22. Qh6 Qg8 23. g3 Bg5+ 24. Qxg5 Qxg5+ 25. Kb1 Rh8 26. h4 Qh6 27.
Rd3 Kc8 28. f4 Rg8 29. Rh3 Kb8 30. h5 Ka7 31. Na2 Bc6 32. Nb4 Be8 33. Rc3 Rg7
34. Nxa6 c6 35. Nb4 Kb7 36. Ba6+ Kc7 37. Be2 Rh7 38. a4 Bxh5 39. Bxh5 Qg7 40.
Nxc6 Kd7 41. Nb4 Qh8 42. g4 fxg4 43. Rh4 Rxh5 44. Rxg4 Rh4 45. Rcg3 Rxg4 46.
Rxg4 Qh6 47. Nd3 Qh5 48. Rg7+ Ke8 49. b3 Qh1+ 50. Kb2 Qe4 51. Kc3 Kd8 52. Rb7
Kc8 53. Rxb6 Qh7 54. a5 Qc7+ 55. Nc5 Qa7 56. b4 Qh7 57. Rc6+ Kb8 58. Rb6+ Kc8
59. a6 Qh3+ 60. Nd3 1-0

[Event "Morbihan Ch "]
[Site "France"]
[Date "2013.04.13"]
[Round "7.16"]
[White "Ruello, Dylan"]
[Black "Girod, Bernard"]
[Result "1/2-1/2"]
[WhiteElo "1299"]
[BlackElo "1500"]
[PlyCount "56"]
[EventDate "2012.10.??"]
[EventType "swiss"]
[EventRounds "7"]
[EventCountry "FRA"]
[SourceDate "2005.09.12"]

1. e4 c5 2. Nc3 d6 3. Nf3 Nf6 4. d3 g6 5. g3 Bg7 6. Bg2 O-O 7. Bg5 Nc6 8. O-O
Bg4 9. Rb1 Nd4 10. Nd5 Nxd5 11. exd5 Qc7 12. b3 Bxf3 13. Bxf3 Nxf3+ 14. Qxf3 b5
15. Qe4 Rfe8 16. Rfe1 e5 17. Re2 f5 18. Qf3 Qf7 19. c4 b4 20. Rc1 Bf6 21. Bxf6
Qxf6 22. Kg2 Re7 23. h3 Rae8 24. g4 f4 25. Rh1 Kg7 26. h4 h6 27. h5 g5 28. Rhe1
a6 1/2-1/2

[Event "Morbihan Ch "]
[Site "France"]
[Date "2013.04.13"]
[Round "7.17"]
[White "Josse, Emmanuelle"]
[Black "Richeux, Guillaume"]
[Result "1-0"]
[WhiteElo "1477"]
[BlackElo "1399"]
[PlyCount "73"]
[EventDate "2012.10.??"]
[EventType "swiss"]
[EventRounds "7"]
[EventCountry "FRA"]
[SourceDate "2005.09.12"]

1. d4 d5 2. Nf3 e6 3. Bf4 Nf6 4. e3 g6 5. Ne5 Bg7 6. c4 O-O 7. Nc3 c6 8. Be2
Nbd7 9. O-O Qb6 10. Rb1 c5 11. g4 cxd4 12. exd4 Qc7 13. b3 Ne4 14. Nxe4 dxe4
15. Nxd7 Qxf4 16. Nxf8 Bxf8 17. Qc1 Qf6 18. Qe3 Bd7 19. Qxe4 Bc6 20. Qe5 Qh4
21. Qg3 Qf6 22. Rbd1 Rd8 23. g5 Qf5 24. Bd3 Qa5 25. a4 Bd6 26. f4 Qc3 27. Be2
Qb2 28. Bf3 Bxf3 29. Qxf3 Bc7 30. Qxb7 Bb6 31. c5 Rxd4 32. cxb6 Rxd1 33. Rxd1
Qxb3 34. Qb8+ Kg7 35. Qe5+ Kf8 36. Rd8+ Ke7 37. Qd6# 1-0

[Event "Morbihan Ch "]
[Site "France"]
[Date "2013.04.13"]
[Round "7.18"]
[White "Cheneau, Lionel"]
[Black "Orgel, Jean Marc"]
[Result "0-1"]
[WhiteElo "1460"]
[BlackElo "1260"]
[PlyCount "88"]
[EventDate "2012.10.??"]
[EventType "swiss"]
[EventRounds "7"]
[EventCountry "FRA"]
[SourceDate "2005.09.12"]

1. e4 e6 2. e5 Nc6 3. Nf3 d5 4. Bb5 Bd7 5. d4 Bb4+ 6. c3 Ba5 7. O-O a6 8. Bd3
f6 9. b4 Bb6 10. b5 Nb8 11. a4 c6 12. Qc2 f5 13. Qe2 h6 14. Nh4 Qxh4 15. g3 Qe7
16. Ba3 Qf7 17. f4 Ne7 18. Bxe7 Qxe7 19. Nd2 c5 20. Nf3 c4 21. Bc2 O-O 22. Nh4
Be8 23. Rab1 g5 24. Ng2 axb5 25. axb5 g4 26. Rf2 Ra2 27. Qe3 Qa3 28. Qe1 Ba5
29. Qd1 Bxc3 30. Re2 Ra1 31. Re3 Rxb1 32. Bxb1 Bxb5 33. Kh1 Ba4 34. Qe2 Qc1+
35. Ne1 Bd1 36. Rxc3 Qxc3 37. Qxd1 Nc6 38. Nc2 Ra8 39. h3 Qxg3 40. Ne1 Qxh3+
41. Kg1 Qe3+ 42. Kg2 Nxd4 43. Kh1 Ne2 44. Nc2 Qh3# 0-1

[Event "Morbihan Ch "]
[Site "France"]
[Date "2013.04.13"]
[Round "7.19"]
[White "Kerriou, Jean Rene"]
[Black "Cheneau, Alain"]
[Result "1-0"]
[WhiteElo "1499"]
[BlackElo "1060"]
[PlyCount "81"]
[EventDate "2012.10.??"]
[EventType "swiss"]
[EventRounds "7"]
[EventCountry "FRA"]
[SourceDate "2005.09.12"]

1. c4 c5 2. Nc3 e5 3. g3 Nf6 4. Bg2 d6 5. d3 Nc6 6. Bg5 Be7 7. Nd5 Qa5+ 8. Bd2
Qd8 9. Nxe7 Qxe7 10. b4 Bd7 11. b5 Nd4 12. Bxb7 Rb8 13. Bg2 Qd8 14. Bg5 Ne6 15.
Bxf6 Qxf6 16. Qa4 O-O 17. Qxa7 Nd4 18. Qa4 Qd8 19. e3 Ne6 20. Ne2 Ng5 21. h4
Nh3 22. Bxh3 Ra8 23. Qb3 Qa5+ 24. Qc3 Bc8 25. Qxa5 Rxa5 26. Bxc8 Rxc8 27. Kd2
Raa8 28. Nc3 Ra7 29. a4 f6 30. a5 Rca8 31. a6 Rd7 32. Nd5 Kf7 33. Nb6 Rad8 34.
Nxd7 Rxd7 35. a7 Rd8 36. a8=Q Rxa8 37. Rxa8 Kg6 38. b6 Kf5 39. b7 g6 40. b8=Q
h6 41. Qc8# 1-0

[Event "Morbihan Ch "]
[Site "France"]
[Date "2013.04.13"]
[Round "7.20"]
[White "Audrain, Emmanuelle"]
[Black "Lemoine, Norbert"]
[Result "1-0"]
[WhiteElo "1499"]
[BlackElo "1479"]
[PlyCount "31"]
[EventDate "2012.10.??"]
[EventType "swiss"]
[EventRounds "7"]
[EventCountry "FRA"]
[SourceDate "2005.09.12"]

1. e4 Nf6 2. Nc3 d5 3. Bd3 e5 4. Nf3 Bd6 5. Nxd5 Nxd5 6. exd5 Qe7 7. Bc4 O-O 8.
O-O Re8 9. Re1 c5 10. d4 e4 11. Ng5 Bf5 12. Bd3 Qc7 13. Qh5 h6 14. Nxe4 Bg6 15.
Nf6+ Kf8 16. Rxe8# 1-0

[Event "V Festival A"]
[Site "Montecatini Terme"]
[Date "1996.07.??"]
[Round "1"]
[White "Bartolini, Tommaso"]
[Black "Sedina, Elena"]
[Result "1-0"]
[WhiteElo "2120"]
[BlackElo "2345"]
[PlyCount "21"]
[EventDate "1996.07.27"]
[EventType "swiss"]
[EventRounds "5"]
[EventCountry "ITA"]
[SourceDate "2005.09.12"]

1. d4 Nf6 2. Bg5 e6 3. Nf3 Be7 4. Nbd2 d5 5. e3 c5 6. c3 Nbd7 7. Bd3 b6 8. Qa4
O-O 9. Ne5 Nxe5 10. dxe5 Nd7 11. Qh4 1-0

[Event "V Festival A"]
[Site "Montecatini Terme"]
[Date "1996.07.??"]
[Round "1"]
[White "Gofshtein, Leonid D"]
[Black "Gorelli Fagiolini, Marco"]
[Result "0-1"]
[WhiteElo "2545"]
[BlackElo "2180"]
[PlyCount "88"]
[EventDate "1996.07.27"]
[EventType "swiss"]
[EventRounds "5"]
[EventCountry "ITA"]
[SourceDate "2005.09.12"]

1. e4 d6 2. d4 Nf6 3. Nc3 g6 4. Nf3 Bg7 5. h3 O-O 6. Be3 a6 7. Bd3 e6 8. Qd2
Nc6 9. Ne2 e5 10. d5 Ne7 11. c4 c6 12. Nc3 cxd5 13. cxd5 Nxe4 14. Nxe4 f5 15.
O-O fxe4 16. Bxe4 Nf5 17. Bg5 Qb6 18. Kh2 Bd7 19. Rac1 Rac8 20. g4 Nd4 21. Nxd4
exd4 22. Rxc8 Rxc8 23. Bf4 Rf8 24. Bg3 Bb5 25. Rd1 Be5 26. f4 Bg7 27. f5 Re8
28. Re1 Qc5 29. fxg6 Rxe4 30. Rxe4 Qxd5 31. Qg2 Qxa2 32. gxh7+ Kxh7 33. Re7 Bc6
34. Qf2 Kg8 35. Bxd6 Qd5 36. Bf4 d3 37. Re1 Bd4 38. Qg3 Bxb2 39. Bd2 Ba3 40.
Bf4 Qa2+ 41. Kg1 Bc5+ 42. Kf1 Qd5 43. Be3 Bd6 44. Bf4 Bxf4 0-1